000 00494nam a2200169Ia 4500
008 240729s9999 xx 000 0 und d
022 _a2581-2912
245 0 _aSriwijaya International Journal of Dynamic Economics and Business
260 _aIndonesia
260 _bFakultas Ekonomi Universitas Sriwijaya
650 _a Business
650 _a Commerce
650 _aSocial Sciences
856 _uhttps://doaj.org/toc/767f68671a26452bad8acf9c91222a57
942 _2ddc
942 _cDOAJEJ
999 _c66023
_d66023
945 _a1
_bMadushi Gamage
_c1
_dMadushi Gamage